| 000 | 01323cam a2200385 a 4500 | ||
|---|---|---|---|
| 001 | 13111063 | ||
| 003 | OSt | ||
| 005 | 20151026150340.0 | ||
| 008 | 030304s2002 enk b 001 0 eng | ||
| 010 | _a 2003265747 | ||
| 020 | _a0140447571 (pbk.) | ||
| 040 |
_aDLC _cDLC _dDLC |
||
| 041 | 1 |
_aeng _hger |
|
| 050 | 0 | 0 |
_aHX 39.5 _b.M392 2002 |
| 082 | 0 | 4 |
_aIB 335 _bM36 2002 |
| 100 | 1 |
_aMarx, Karl, _d1818-1883. |
|
| 240 | 1 | 0 |
_aManifest der Kommunistischen Partei. _lEnglish |
| 245 | 1 | 4 |
_aThe communist manifesto / _cMarx, Karl |
| 260 |
_aLondon ; _aNew York : _bPenguin Books, _c2002. |
||
| 300 |
_avii, 287 p. : _c20 cm. |
||
| 440 | 0 | _aPenguin classics | |
| 504 | _aIncludes bibliographical references and index. | ||
| 521 | _bLexile | ||
| 526 | _c1210L-1710L | ||
| 562 | _eFor circulation. 1 copy available in the collection | ||
| 650 | 0 | _aCommunism. | |
| 700 | 1 |
_aEngels, Friedrich, _d1820-1895. |
|
| 700 | 1 | _aStedman Jones, Gareth. | |
| 856 | 4 | 2 |
_3Contributor biographical information _uhttp://www.loc.gov/catdir/enhancements/fy0716/2003265747-b.html |
| 856 | 4 | 2 |
_3Publisher description _uhttp://www.loc.gov/catdir/enhancements/fy0716/2003265747-d.html |
| 906 |
_a7 _bcbc _corigcop _d3 _encip _f20 _gy-gencatlg |
||
| 942 |
_2lcc _cBK |
||
| 999 |
_c2029 _d2029 |
||